000
00237nam a22000857a 4500
008
160706b xxu||||| |||| 00| 0 eng d
100
_9
2399
_a
Endow, T.B
245
_a
Tom and the Naughty Grow
260
_a
New Delhi
_b
National Book Trust
_c
1999
999
_c
2074
_d
2074